[Event "WECU Championship"]
[Site "Exmouth"]
[Date "2006.04.15"]
[Round "4"]
[White "Greely, Simon"]
[Black "Brusey, AW."]
[Result "0-1"]
[WhiteElo "1816"]
[BlackElo "1976"]
[PlyCount "80"]
[EventDate "2006.??.??"]

1. d4 d5 2. Nf3 Nf6 3. c4 c6 4. Nc3 dxc4 5. a4 Bg4 6. e4 e6 7. e5 Nd5 8. Bxc4
Bxf3 9. Qxf3 Nb4 10. Qe4 Qxd4 11. Qxd4 Nc2+ 12. Kd1 Nxd4 13. Be3 Nf5 14. Kc2
Nxe3+ 15. fxe3 Nd7 16. Rad1 Nxe5 17. Bb3 Be7 18. Ne4 O-O 19. a5 Rad8 20. h3 c5
21. Rxd8 Rxd8 22. Rd1 Rxd1 23. Kxd1 Nd3 24. Kd2 Ne5 25. Kc3 Nc6 26. a6 bxa6 27.
Bc4 a5 28. Kb3 Ne5 29. Bb5 f5 30. Nd2 Bg5 31. Nc4 Nxc4 32. Bxc4 Kf7 33. e4 fxe4
34. Ka4 Kf6 35. Kb5 Be3 36. Kc6 Bd4 37. b3 Ke5 38. Kd7 e3 39. Ke7 Kf4 40. Kxe6
Kg3 0-1

[Event "WECU Championship"]
[Site "Exmouth"]
[Date "2006.04.15"]
[Round "4"]
[White "Bass, JW."]
[Black "Bolt, G."]
[Result "0-1"]
[WhiteElo "1880"]
[BlackElo "2000"]
[PlyCount "84"]
[EventDate "2006.??.??"]

1. d4 Nf6 2. Nf3 g6 3. c4 Bg7 4. Nc3 d5 5. Bf4 c6 6. e3 O-O 7. Rc1 e6 8. Be2
dxc4 9. Bxc4 Nd5 10. Bg3 Nxc3 11. bxc3 Nd7 12. O-O b5 13. Bd3 a5 14. c4 b4 15.
c5 Ba6 16. Bxa6 Rxa6 17. Qd3 Qc8 18. Rfd1 Re8 19. Nd2 e5 20. Ne4 Qa8 21. Nd6
Re6 22. f4 exd4 23. exd4 Ra7 24. f5 Re7 25. Rf1 Bf6 26. Ne4 g5 27. Bd6 Re8 28.
Rce1 Qd8 29. Nxf6+ Nxf6 30. Qf3 Nd5 31. Qg3 f6 32. Re6 a4 33. Rfe1 Rxe6 34.
Rxe6 b3 35. Qe1 Ra8 36. Qe2 bxa2 37. Qxa2 a3 38. Bg3 Kh8 39. Be1 Nf4 40. Rd6
Qe8 41. Kf1 Qe4 42. Rxf6 Qd3+ 0-1

[Event "WECU Championship"]
[Site "Exmouth"]
[Date "2006.04.15"]
[Round "4"]
[White "Hutchings, Philip J"]
[Black "Taylor, Geoffrey P"]
[Result "1-0"]
[WhiteElo "1792"]
[BlackElo "1880"]
[PlyCount "69"]
[EventDate "2006.??.??"]

1. e4 c5 2. Nf3 Nc6 3. Bb5 e6 4. O-O Nge7 5. Re1 a6 6. Bf1 d6 7. b3 e5 8. h3
Ng6 9. Nc3 Be6 10. Nd5 Be7 11. c3 O-O 12. Nxe7+ Qxe7 13. d4 cxd4 14. cxd4 d5
15. exd5 Bxd5 16. Nxe5 Ncxe5 17. dxe5 Rfd8 18. Qh5 h6 19. Bb2 Nf4 20. Qg4 Ne6
21. Rad1 Rac8 22. Rc1 Bc6 23. Red1 Rxd1 24. Rxd1 Qc5 25. Bc4 Re8 26. Rd6 Qb4
27. Kh2 Qe1 28. f4 Qf2 29. Bxe6 fxe6 30. Bd4 Qxa2 31. Rxe6 Rf8 32. Rg6 Rxf4 33.
Rxg7+ Kf8 34. Bc5+ Ke8 35. Qc8# 1-0

[Event "WECU Championship"]
[Site "Exmouth"]
[Date "2006.04.15"]
[Round "4"]
[White "Jaques, Andrew"]
[Black "Hegarty, Sarah"]
[Result "0-1"]
[WhiteElo "1872"]
[BlackElo "1896"]
[PlyCount "50"]
[EventDate "2006.??.??"]

1. e4 c5 2. Nf3 Nc6 3. d4 cxd4 4. Nxd4 g6 5. Nc3 Bg7 6. Be3 Nf6 7. Be2 d6 8. f4
Qb6 9. Nf5 Qxb2 10. Nxg7+ Kf8 11. Na4 Qb4+ 12. c3 Qxe4 13. Bd2 Bg4 14. Nb2 Qxg2
15. Rf1 Qxe2+ 16. Qxe2 Bxe2 17. Kxe2 Kxg7 18. f5 Ne4 19. Be1 Rac8 20. Ke3 Nf6
21. h3 Ne5 22. Rb1 b6 23. Kd4 Rc5 24. c4 Rhc8 25. fxg6 hxg6 0-1

[Event "WECU Championship"]
[Site "Exmouth"]
[Date "2006.04.15"]
[Round "4"]
[White "Mordue, A Tyson"]
[Black "Dilleigh, Stephen P"]
[Result "1-0"]
[WhiteElo "2160"]
[BlackElo "2040"]
[PlyCount "73"]
[EventDate "2006.??.??"]

1. e4 e6 2. d4 d5 3. Nd2 c5 4. exd5 exd5 5. Ngf3 Nf6 6. Bd3 c4 7. Be2 Nc6 8. b3
cxb3 9. axb3 Be7 10. O-O O-O 11. Bb2 Ne4 12. Nxe4 dxe4 13. Ne5 Nxe5 14. dxe5
Bf5 15. Bc4 Qxd1 16. Rfxd1 Bc5 17. Bd4 Bxd4 18. Rxd4 Rad8 19. Rd6 a6 20. Bd5
Rxd6 21. exd6 Rd8 22. Bxb7 Rxd6 23. c4 Kf8 24. Bd5 Ke7 25. Kf1 f6 26. Ke2 Rb6
27. Ra3 Kd6 28. Ke3 Kc5 29. Bxe4 Bxe4 30. Kxe4 Kb4 31. Ra1 Rd6 32. Rc1 Kc5 33.
b4+ Kxb4 34. c5 Rd8 35. c6 Kb5 36. c7 Rc8 37. Kd5 1-0

[Event "WECU Championship"]
[Site "Exmouth"]
[Date "2006.04.15"]
[Round "4"]
[White "Turner, Matthew"]
[Black "Roberson, Peter"]
[Result "1-0"]
[WhiteElo "2432"]
[BlackElo "2096"]
[PlyCount "111"]
[EventDate "2006.??.??"]

1. c4 e5 2. g3 Nf6 3. Bg2 c6 4. d4 exd4 5. Qxd4 d5 6. Nf3 dxc4 7. Qxc4 Be7 8.
O-O Be6 9. Qa4 O-O 10. Nc3 Na6 11. Be3 Nc5 12. Qc2 Qc8 13. Bxc5 Bxc5 14. Ng5
Bf5 15. Nce4 Be7 16. Nxf6+ Bxf6 17. Be4 Bxe4 18. Nxe4 Be7 19. Rad1 Qe6 20. b3
Rad8 21. f3 Bb4 22. Kg2 Rfe8 23. Rxd8 Rxd8 24. Rd1 Re8 25. e3 h6 26. Rd3 f5 27.
Nf2 Ba5 28. e4 Bb6 29. exf5 Qxf5 30. Qc4+ Qf7 31. Qxf7+ Kxf7 32. Ne4 Ke7 33. f4
Rd8 34. Rxd8 Bxd8 35. f5 b5 36. Kf3 Kf7 37. h3 g6 38. g4 h5 39. Nd6+ Kf6 40.
g5+ Kxg5 41. Nf7+ Kxf5 42. Nxd8 c5 43. Nb7 g5 44. Nd6+ Ke5 45. Nxb5 a6 46. Nc7
a5 47. Ke3 Kf5 48. Na6 h4 49. Nxc5 g4 50. hxg4+ Kxg4 51. Ne4 Kf5 52. Nf2 Ke5
53. a3 Kd5 54. Kd3 Ke5 55. b4 axb4 56. axb4 1-0

[Event "WECU Championship"]
[Site "Exmouth"]
[Date "2006.04.15"]
[Round "4"]
[White "Ponter, Ian"]
[Black "Jamieson, Ian M"]
[Result "1-0"]
[WhiteElo "1880"]
[BlackElo "1840"]
[PlyCount "63"]
[EventDate "2006.??.??"]

1. e4 e6 2. d4 a6 3. Nf3 b5 4. Bd3 Bb7 5. O-O Nf6 6. Qe2 c5 7. c3 Qb6 8. Nbd2
d5 9. e5 Nfd7 10. dxc5 Nxc5 11. Bc2 Nc6 12. Re1 b4 13. c4 a5 14. cxd5 exd5 15.
Nb3 Ne6 16. Bf5 Be7 17. Rd1 Ba6 18. Qe1 a4 19. Be3 Nc5 20. Nxc5 Bxc5 21. Bxc5
Qxc5 22. Rac1 Qb5 23. e6 f6 24. Nd4 Nxd4 25. Rxd4 Rb8 26. Qd1 Bb7 27. Qh5+ g6
28. Bxg6+ Ke7 29. Bd3 Qe8 30. Rc7+ Kd6 31. Rd7+ Kc6 32. Qxd5+ 1-0

[Event "WECU Championship"]
[Site "Exmouth"]
[Date "2006.04.15"]
[Round "4"]
[White "Shire, David J"]
[Black "Hall, Daniel J"]
[Result "1/2-1/2"]
[WhiteElo "1984"]
[BlackElo "1928"]
[PlyCount "41"]
[EventDate "2006.??.??"]

1. d4 Nf6 2. c4 g6 3. Nc3 Bg7 4. e4 d6 5. f3 O-O 6. Bg5 c5 7. d5 Nbd7 8. Nh3
Ne5 9. Nf2 h6 10. Be3 h5 11. Be2 e6 12. Qd2 exd5 13. cxd5 a6 14. a4 Rb8 15. O-O
Bd7 16. a5 Qe8 17. Rfb1 Bb5 18. Nxb5 axb5 19. b4 c4 20. Bd4 Nh7 21. Qc3 1/2-1/2

[Event "WECU Championship"]
[Site "Exmouth"]
[Date "2006.04.15"]
[Round "4"]
[White "Wolstencroft, Darryl"]
[Black "Gosling, Brian GE"]
[Result "1-0"]
[WhiteElo "2016"]
[BlackElo "1792"]
[PlyCount "97"]
[EventDate "2006.??.??"]

1. c4 c6 2. g3 Nf6 3. Bg2 d5 4. Nf3 Bf5 5. O-O e6 6. b3 Bd6 7. Bb2 Nbd7 8. d3
O-O 9. Nbd2 Bg6 10. Re1 e5 11. cxd5 cxd5 12. Nh4 Qb6 13. Nxg6 fxg6 14. Bh3 Rae8
15. e4 Nc5 16. Qe2 dxe4 17. dxe4 Ncxe4 18. Qc4+ Kh8 19. Rxe4 Nxe4 20. Nxe4 Rd8
21. Rf1 h6 22. Qe6 Kh7 23. Nxd6 Rxd6 24. Qxe5 Rdf6 25. Bd4 Qd6 26. Bg2 Qd7 27.
Qc5 b6 28. Qc3 Rd6 29. Be3 Rc8 30. Qe5 Re8 31. Qf4 Rf6 32. Qh4 Rd6 33. Bf3 Rf6
34. Rd1 Rd6 35. Rc1 Rf6 36. Bg2 Rd6 37. Qc4 Rd1+ 38. Rxd1 Qxd1+ 39. Bf1 Rd8 40.
a4 Rd7 41. Kg2 Qb1 42. Be2 Qb2 43. Bg4 Re7 44. Be6 Qe5 45. Bg8+ Kh8 46. Bf7 Kh7
47. h4 Qf6 48. Bg8+ Kh8 49. Qc8 1-0

[Event "WECU Championship"]
[Site "Exmouth"]
[Date "2006.04.16"]
[Round "5"]
[White "Hegarty, Sarah"]
[Black "Hutchings, Philip J"]
[Result "1-0"]
[WhiteElo "1896"]
[BlackElo "1792"]
[PlyCount "81"]
[EventDate "2006.??.??"]

1. e4 e5 2. Bc4 Nc6 3. Nf3 Nf6 4. d3 Bc5 5. Nc3 d6 6. h3 h6 7. a3 a6 8. O-O g5
9. Nh2 h5 10. Bxg5 Rg8 11. h4 Be6 12. Ne2 Qe7 13. Ng3 O-O-O 14. Nxh5 Rxg5 15.
hxg5 Nh7 16. Bxe6+ fxe6 17. g6 Nf6 18. Nxf6 Qxf6 19. Qf3 Qxg6 20. c3 Rg8 21. b4
Bb6 22. Rfd1 Rh8 23. a4 Qh6 24. Qh3 Qf6 25. Qg3 Qh6 26. b5 Ne7 27. d4 Rg8 28.
Ng4 Qg5 29. f3 exd4 30. cxd4 e5 31. Rac1 Ng6 32. Kf1 Bxd4 33. bxa6 bxa6 34. Qh3
Nf4 35. Qh7 Rg7 36. Qf5+ Qxf5 37. exf5 Rh7 38. Nf2 Rh2 39. f6 Rh6 40. f7 Rf6
41. Ne4 1-0

[Event "WECU Championship"]
[Site "Exmouth"]
[Date "2006.04.16"]
[Round "5"]
[White "Brusey, AW."]
[Black "Abbott, MV."]
[Result "1/2-1/2"]
[WhiteElo "1976"]
[BlackElo "1816"]
[PlyCount "104"]
[EventDate "2006.??.??"]

1. e4 c5 2. Nf3 g6 3. c3 Bg7 4. d4 cxd4 5. cxd4 d5 6. exd5 Nf6 7. Nc3 O-O 8.
Bc4 Nbd7 9. O-O Nb6 10. Bb3 Nbxd5 11. Re1 Re8 12. Bg5 Be6 13. Rc1 Nxc3 14. bxc3
Bxb3 15. Qxb3 b6 16. c4 Rc8 17. d5 Qd6 18. Nd4 Ng4 19. Nf3 Ne5 20. Bf4 Nxf3+
21. Qxf3 Qb4 22. Qb3 Qc5 23. Qa4 Bb2 24. Rc2 Bd4 25. Qxa7 b5 26. Qxc5 Rxc5 27.
Be3 Bxe3 28. fxe3 bxc4 29. e4 Kg7 30. Kf2 Rd8 31. Rec1 Ra8 32. Ke3 Ra3+ 33. Kd4
Rc7 34. e5 f5 35. Rxc4 Rxc4+ 36. Rxc4 Rxa2 37. Rc7 Kf8 38. d6 exd6 39. exd6
Rxg2 40. Rxh7 Ke8 41. Ke5 Kd8 42. h4 Rg4 43. Ke6 Re4+ 44. Kf6 Rg4 45. h5 gxh5
46. Kxf5 Rd4 47. Ke6 Re4+ 48. Kd5 Re1 49. Rxh5 Kd7 50. Rh7+ Kd8 51. d7 Rd1+ 52.
Kc6 Rc1+ 1/2-1/2

[Event "WECU Championship"]
[Site "Exmouth"]
[Date "2006.04.16"]
[Round "5"]
[White "Jaques, Andrew"]
[Black "Greely, Simon"]
[Result "1-0"]
[WhiteElo "1872"]
[BlackElo "1816"]
[PlyCount "91"]
[EventDate "2006.??.??"]

1. e4 c5 2. Nf3 Nc6 3. d4 cxd4 4. Nxd4 Nf6 5. Nc3 e6 6. Ndb5 d6 7. Bf4 e5 8.
Nd5 Nxd5 9. exd5 exf4 10. dxc6 bxc6 11. Qf3 d5 12. O-O-O Be7 13. Qc3 O-O 14.
Qxc6 Be6 15. Nc7 Rc8 16. Nxe6 Rxc6 17. Nxd8 Rxd8 18. Be2 Bf6 19. Bf3 Rb6 20. b3
Rbd6 21. Rd3 Bh4 22. g3 fxg3 23. hxg3 Bf6 24. Rh5 d4 25. Ra5 R8d7 26. Rc5 g6
27. Rc8+ Kg7 28. Rc6 Rxc6 29. Bxc6 Rc7 30. Bb5 Rc5 31. a4 Rf5 32. f4 h5 33. Bd7
Rd5 34. Bh3 Rc5 35. Kb2 Rc7 36. b4 Rc4 37. Kb3 Rc7 38. b5 Kf8 39. Bg2 Ke7 40.
a5 Rc5 41. Bc6 Kd6 42. c4 Rf5 43. Bd5 Bg7 44. b6 axb6 45. axb6 Rxd5 46. cxd5
1-0

[Event "WECU Championship"]
[Site "Exmouth"]
[Date "2006.04.16"]
[Round "5"]
[White "Gosling, Brian GE"]
[Black "Hall, Joshua DW"]
[Result "1/2-1/2"]
[WhiteElo "1792"]
[BlackElo "1832"]
[PlyCount "94"]
[EventDate "2006.??.??"]

1. d4 Nf6 2. Nf3 g6 3. Bg5 Bg7 4. Nbd2 O-O 5. e4 d6 6. Bd3 c5 7. c3 a6 8. a4
Qc7 9. O-O Nbd7 10. Re1 e5 11. dxc5 Nxc5 12. Bc2 Be6 13. c4 Qb6 14. b3 Ng4 15.
Qe2 f5 16. Be3 f4 17. Bxc5 dxc5 18. h3 Nh6 19. Ng5 Bd7 20. Rad1 Nf7 21. Ndf3
Rad8 22. Rd5 Nxg5 23. Nxg5 h6 24. Nf3 Be6 25. Rxd8 Rxd8 26. Rd1 Rd6 27. Rxd6
Qxd6 28. Qd1 Qxd1+ 29. Bxd1 Kf7 30. Ne1 Bf8 31. Bg4 Bd6 32. Bxe6+ Kxe6 33. Kf1
Bc7 34. Nd3 Kd6 35. Ke2 Ba5 36. Kf3 h5 37. g3 g5 38. g4 h4 39. Ke2 Bc3 40. f3
Kc6 41. Kd1 Kb6 42. Kc2 Bd4 43. Kb1 Ka5 44. Ka2 b6 45. Ka3 b5 46. axb5 axb5 47.
Ne1 b4+ 1/2-1/2

[Event "WECU Championship"]
[Site "Exmouth"]
[Date "2006.04.16"]
[Round "5"]
[White "Jamieson, Ian M"]
[Black "Shire, David J"]
[Result "1/2-1/2"]
[WhiteElo "1840"]
[BlackElo "1984"]
[PlyCount "57"]
[EventDate "2006.??.??"]

1. b3 e5 2. Bb2 Nc6 3. e3 Nf6 4. Bb5 Bd6 5. a3 a6 6. Be2 O-O 7. c4 Re8 8. Nc3
Bf8 9. Nf3 e4 10. Ng5 h6 11. Nh3 d6 12. Nf4 Ne5 13. Ncd5 c6 14. Nxf6+ Qxf6 15.
Qc2 Bf5 16. O-O Qg5 17. Kh1 Ng6 18. Nh5 Bg4 19. Qd1 Bxe2 20. Qxe2 Ne5 21. Ng3
Ng4 22. h3 Nf6 23. Rg1 d5 24. Nf1 Qh4 25. f4 exf3 26. Qxf3 Ne4 27. Kh2 Nf2 28.
Qg3 Bd6 29. Qxd6 1/2-1/2

[Event "WECU Championship"]
[Site "Exmouth"]
[Date "2006.04.16"]
[Round "5"]
[White "Mordue, A Tyson"]
[Black "Turner, Matthew"]
[Result "1/2-1/2"]
[WhiteElo "2160"]
[BlackElo "2432"]
[PlyCount "41"]
[EventDate "2006.??.??"]

1. e4 c5 2. Nf3 g6 3. d4 cxd4 4. Nxd4 Bg7 5. Nc3 Nc6 6. Be3 Nf6 7. Bc4 O-O 8.
Bb3 a5 9. a4 Ng4 10. Qxg4 Nxd4 11. Qh4 Nxb3 12. cxb3 Ra6 13. O-O Re6 14. Rfe1
d6 15. Nd5 Bxb2 16. Rab1 Bf6 17. Qg3 Rxe4 18. Bb6 Rxe1+ 19. Rxe1 Qd7 20. Nxf6+
exf6 21. Bxa5 1/2-1/2

[Event "WECU Championship"]
[Site "Exmouth"]
[Date "2006.04.16"]
[Round "5"]
[White "Roberson, Peter"]
[Black "Yeo, Michael J"]
[Result "1/2-1/2"]
[WhiteElo "2096"]
[BlackElo "2088"]
[PlyCount "102"]
[EventDate "2006.??.??"]

1. e4 e5 2. Nf3 Nc6 3. Bb5 a6 4. Bxc6 dxc6 5. O-O Qf6 6. h3 Ne7 7. c3 Ng6 8. d4
h6 9. Nbd2 Be6 10. dxe5 Nxe5 11. Qe2 O-O-O 12. Nxe5 Qxe5 13. Nf3 Qb5 14. Qxb5
cxb5 15. Bf4 Bc5 16. a3 Rhe8 17. Be5 Bc4 18. Rfe1 Bf8 19. Bf4 g5 20. Be5 Re6
21. Bg3 Bg7 22. e5 c5 23. Rad1 Ree8 24. Nd2 Bd3 25. Nb3 b6 26. Nc1 Bc2 27.
Rxd8+ Rxd8 28. Kh2 Rd1 29. Rxd1 Bxd1 30. b4 h5 31. h4 gxh4 32. Bf4 Kd7 33. Kh3
Ke6 34. bxc5 bxc5 35. Nd3 c4 36. Nc5+ Kf5 37. Bd2 Bxe5 38. Nxa6 Bd6 39. Nb4 Be7
40. f3 Ke6 41. Nc6 Bxa3 42. Nd4+ Kd5 43. Nxb5 Be7 44. Be1 Ba4 45. Nd4 Bd7+ 46.
Kh2 Bg5 47. Bf2 Bf4+ 48. Kg1 h3 49. g3 Bd2 50. Ne2 Bf5 51. Bd4 Bd3 1/2-1/2

[Event "WECU Championship"]
[Site "Exmouth"]
[Date "2006.04.16"]
[Round "5"]
[White "Bolt, G."]
[Black "Hall, Daniel J"]
[Result "1/2-1/2"]
[WhiteElo "2000"]
[BlackElo "1928"]
[PlyCount "109"]
[EventDate "2006.??.??"]

1. e4 c5 2. Nf3 e6 3. d4 cxd4 4. Nxd4 Nf6 5. Nc3 d6 6. Be3 a6 7. Be2 b5 8. a3
Bb7 9. f3 Nc6 10. Nxc6 Bxc6 11. Qd2 Qc7 12. O-O d5 13. exd5 Nxd5 14. Nxd5 Bxd5
15. Bd3 Bc5 16. Bxc5 Qxc5+ 17. Qf2 Rc8 18. Qxc5 Rxc5 19. a4 Ke7 20. axb5 axb5
21. Ra5 Bc4 22. Bxc4 Rxc4 23. c3 b4 24. Ra4 Rhc8 25. cxb4 Rb8 26. Rd1 Rcxb4 27.
Rxb4 Rxb4 28. Rd2 f6 29. Re2 e5 30. Kf2 Ke6 31. Ke1 f5 32. Kd1 g5 33. Kc2 h5
34. Kc3 Rb7 35. b4 Rc7+ 36. Kd3 Kd5 37. Rb2 Rc6 38. g3 g4 39. fxg4 hxg4 40. Rb1
Rh6 41. b5 Rxh2 42. b6 Rh8 43. b7 Rb8 44. Rb5+ Kd6 45. Ke3 Ke6 46. Rb6+ Kd5 47.
Rb5+ Kd6 48. Kd3 f4 49. gxf4 exf4 50. Rb4 g3 51. Rxf4 Rxb7 52. Ke2 Ke5 53. Rf8
Ke4 54. Kf1 Ke3 55. Ke1 1/2-1/2

[Event "WECU Championship"]
[Site "Exmouth"]
[Date "2006.04.16"]
[Round "5"]
[White "Dilleigh, Stephen P"]
[Black "Wolstencroft, Darryl"]
[Result "1/2-1/2"]
[WhiteElo "2040"]
[BlackElo "2016"]
[PlyCount "71"]
[EventDate "2006.??.??"]

1. d4 f5 2. g3 Nf6 3. Bg2 g6 4. c3 Bg7 5. Qb3 c6 6. Nd2 Qc7 7. Nh3 e5 8. Nc4 d6
9. Ng5 Rf8 10. dxe5 dxe5 11. Be3 Na6 12. Rd1 h6 13. Nd6+ Ke7 14. Nxc8+ Qxc8 15.
Ne6 Qxe6 16. Qxb7+ Nd7 17. Qxa6 e4 18. O-O Rfd8 19. Rd2 Ne5 20. Rxd8 Rxd8 21.
Qxa7+ Kf8 22. Qa3+ Kf7 23. Qb3 Qxb3 24. axb3 Rb8 25. b4 Nc4 26. Bc1 c5 27. f3
e3 28. f4 Nd2 29. Bd5+ Ke7 30. Bxd2 exd2 31. Rd1 cxb4 32. Rxd2 bxc3 33. bxc3
Bxc3 34. Rc2 Bd4+ 35. Kg2 Rb2 36. Rxb2 1/2-1/2

[Event "WECU Championship"]
[Site "Exmouth"]
[Date "2006.04.16"]
[Round "6"]
[White "Gosling, Brian GE"]
[Black "Jaques, Andrew"]
[Result "1-0"]
[WhiteElo "1792"]
[BlackElo "1872"]
[PlyCount "125"]
[EventDate "2006.??.??"]

1. d4 Nf6 2. Nf3 g6 3. Bg5 Bg7 4. Nbd2 d5 5. e3 O-O 6. Bd3 c5 7. c3 Qb6 8. Qc1
Nc6 9. O-O e5 10. dxc5 Qxc5 11. e4 Bg4 12. b4 Qd6 13. Bxf6 Bxf6 14. exd5 Qxd5
15. Bc4 Qd8 16. Ne4 Bxf3 17. gxf3 Be7 18. Qh6 Qc8 19. Rad1 Qf5 20. Kg2 Rad8 21.
a3 Nb8 22. Rd5 Rxd5 23. Bxd5 b6 24. Rd1 Na6 25. Ng3 Qg5 26. Qh3 Nc7 27. Bb3 Nb5
28. Qd7 Nxc3 29. Re1 h5 30. Kh1 Qf6 31. Re3 Rd8 32. Qxa7 Nd1 33. Bxd1 Rxd1+ 34.
Kg2 Bf8 35. Qb8 Qd6 36. Qxd6 Bxd6 37. Ne4 Bb8 38. Rc3 Rd8 39. Rc6 b5 40. Rb6
Ba7 41. Rxb5 Rd3 42. a4 Bd4 43. Rb8+ Kg7 44. Rb7 Kf8 45. Ng5 f5 46. Ne6+ Ke8
47. Nxd4 exd4 48. a5 Ra3 49. Rb5 d3 50. Rd5 Ke7 51. a6 Rxa6 52. Rxd3 Rb6 53.
Rd4 g5 54. h4 Kf6 55. hxg5+ Kxg5 56. f4+ Kh4 57. Kf3 Kh3 58. Rd1 Kh2 59. Rb1 h4
60. b5 h3 61. Rb2 Kg1 62. Kg3 Kf1 63. Kxh3 1-0

[Event "WECU Championship"]
[Site "Exmouth"]
[Date "2006.04.16"]
[Round "6"]
[White "Abbott, MV."]
[Black "Jamieson, Ian M"]
[Result "1-0"]
[WhiteElo "1816"]
[BlackElo "1840"]
[PlyCount "41"]
[EventDate "2006.??.??"]

1. d4 b5 2. Nf3 Bb7 3. Bf4 Nf6 4. e3 a6 5. Nbd2 e6 6. Bd3 Nd5 7. Bg3 f5 8. a4
b4 9. e4 fxe4 10. Nxe4 Nf6 11. Nxf6+ gxf6 12. Ne5 h5 13. Bg6+ Ke7 14. Nf7 Qc8
15. Nxh8 Bg7 16. Nf7 Bxg2 17. Rg1 Qb7 18. Qxh5 Bf3 19. Qc5+ d6 20. Nxd6 Qd5 21.
Nc8+ 1-0

[Event "WECU Championship"]
[Site "Exmouth"]
[Date "2006.04.16"]
[Round "6"]
[White "Shire, David J"]
[Black "Brusey, AW."]
[Result "1/2-1/2"]
[WhiteElo "1984"]
[BlackElo "1976"]
[PlyCount "41"]
[EventDate "2006.??.??"]

1. d4 d5 2. Nf3 Nf6 3. c4 c6 4. Nc3 dxc4 5. a4 Bg4 6. Ne5 Bh5 7. f3 Nfd7 8.
Nxc4 e5 9. Ne4 Bb4+ 10. Bd2 Qe7 11. Nxe5 Nxe5 12. dxe5 O-O 13. Bxb4 Qxb4+ 14.
Qd2 Na6 15. Qxb4 Nxb4 16. Rc1 Rfe8 17. Ng3 Rxe5 18. e4 f6 19. Nxh5 Rxh5 20.
Bc4+ Kf8 21. O-O 1/2-1/2

[Event "WECU Championship"]
[Site "Exmouth"]
[Date "2006.04.16"]
[Round "6"]
[White "Hutchings, Philip J"]
[Black "Hall, Joshua DW"]
[Result "0-1"]
[WhiteElo "1792"]
[BlackElo "1832"]
[PlyCount "44"]
[EventDate "2006.??.??"]

1. e4 d5 2. exd5 Nf6 3. Nf3 Nxd5 4. d4 Bg4 5. c4 Nb6 6. h3 Bxf3 7. Qxf3 Qxd4 8.
Nc3 Nc6 9. Be3 Qf6 10. Qg3 e5 11. O-O-O Qg6 12. Qf3 Be7 13. Bd3 Qf6 14. Qg4 h5
15. Qg3 O-O-O 16. c5 Nb4 17. Bb1 Nc4 18. Ne4 Qa6 19. a3 Nxa3 20. Nc3 Nc4 21.
Qxg7 Qa1 22. Rd2 Rxd2 0-1

[Event "WECU Championship"]
[Site "Exmouth"]
[Date "2006.04.16"]
[Round "6"]
[White "Bass, JW."]
[Black "Taylor, Geoffrey P"]
[Result "1-0"]
[WhiteElo "1880"]
[BlackElo "1880"]
[PlyCount "81"]
[EventDate "2006.??.??"]

1. d4 d5 2. Nf3 Nf6 3. c4 e6 4. Nc3 Nbd7 5. Bf4 c6 6. e3 Be7 7. h3 Nf8 8. Rc1
Ng6 9. Bh2 O-O 10. Bd3 Re8 11. O-O Bd6 12. Bxd6 Qxd6 13. c5 Qc7 14. e4 dxe4 15.
Nxe4 Nxe4 16. Bxe4 f5 17. Bb1 e5 18. Ng5 Nf8 19. Qb3+ Be6 20. Nxe6 Nxe6 21.
dxe5 g6 22. Rfe1 Kg7 23. Qc3 Rad8 24. Rcd1 Rd5 25. b4 Kh6 26. Rxd5 cxd5 27.
Qd2+ f4 28. Qxd5 Qf7 29. Be4 Qc7 30. Qd6 Qf7 31. Bd5 f3 32. Re3 fxg2 33. Rf3
Qe7 34. Rf6 Ng5 35. Qxe7 Rxe7 36. f4 Nxh3+ 37. Kxg2 Nxf4+ 38. Rxf4 Rxe5 39.
Bxb7 g5 40. Rf7 Kg6 41. Rd7 1-0

[Event "WECU Championship"]
[Site "Exmouth"]
[Date "2006.04.16"]
[Round "6"]
[White "Hegarty, Sarah"]
[Black "Bolt, G."]
[Result "1-0"]
[WhiteElo "1896"]
[BlackElo "2000"]
[PlyCount "57"]
[EventDate "2006.??.??"]

1. e4 c5 2. Nc3 e6 3. g3 Nc6 4. Bg2 Nge7 5. Nge2 d6 6. d3 g6 7. Be3 Bg7 8. Qd2
O-O 9. h4 Nd4 10. h5 Nec6 11. hxg6 fxg6 12. Bh6 Qf6 13. f4 Nxe2 14. Qxe2 Nd4
15. Qd2 Bd7 16. O-O-O Rab8 17. e5 dxe5 18. Ne4 Qd8 19. fxe5 Rf7 20. Bxg7 Rxg7
21. Nf6+ Kf7 22. Rdf1 Ke7 23. Qg5 Bc6 24. Bxc6 bxc6 25. Rxh7 Nf5 26. Rxf5 exf5
27. Rxg7+ Ke6 28. Rxg6 Qd4 29. Ne4+ 1-0

[Event "WECU Championship"]
[Site "Exmouth"]
[Date "2006.04.16"]
[Round "6"]
[White "Yeo, Michael J"]
[Black "Mordue, A Tyson"]
[Result "1/2-1/2"]
[WhiteElo "2088"]
[BlackElo "2160"]
[PlyCount "58"]
[EventDate "2006.??.??"]

1. e4 c5 2. Nf3 d6 3. d4 cxd4 4. Nxd4 Nf6 5. Nc3 a6 6. Bg5 e6 7. f4 Be7 8. Qf3
Qc7 9. O-O-O Nbd7 10. Qg3 Nc5 11. Bd3 h6 12. Bh4 g5 13. fxg5 Rg8 14. Qf3 hxg5
15. Bf2 Nfd7 16. Bg3 Ne5 17. Bxe5 dxe5 18. Rhf1 Rg7 19. Qg3 Bd7 20. Nf3 f6 21.
Be2 O-O-O 22. Kb1 Rgg8 23. h3 Bc6 24. Nd2 Kb8 25. Bf3 Rgf8 26. Nb3 Nxb3 27.
axb3 Bc5 28. Bg4 Qe7 29. Qe1 Bb4 1/2-1/2

[Event "WECU Championship"]
[Site "Exmouth"]
[Date "2006.04.16"]
[Round "6"]
[White "Ponter, Ian"]
[Black "Dilleigh, Stephen P"]
[Result "1/2-1/2"]
[WhiteElo "1880"]
[BlackElo "2040"]
[PlyCount "20"]
[EventDate "2006.??.??"]

1. e4 e5 2. d4 d5 3. Nc3 Nf6 4. Bg5 dxe4 5. Nxe4 Be7 6. Bxf6 Bxf6 7. Nf3 Nd7 8.
Qd2 O-O 9. O-O-O Be7 10. Bd3 c5 1/2-1/2

[Event "WECU Championship"]
[Site "Exmouth"]
[Date "2006.04.16"]
[Round "6"]
[White "Hall, Daniel J"]
[Black "Roberson, Peter"]
[Result "0-1"]
[WhiteElo "1928"]
[BlackElo "2096"]
[PlyCount "72"]
[EventDate "2006.??.??"]

1. e4 c6 2. d4 d5 3. exd5 cxd5 4. Bd3 Nc6 5. c3 Qc7 6. Ne2 Bg4 7. f3 Bd7 8. Bf4
e5 9. dxe5 Nxe5 10. Bc2 Bd6 11. O-O Ne7 12. Nd4 O-O 13. Nd2 Rfe8 14. Kh1 N7g6
15. Bg3 Qb6 16. Rb1 h5 17. Bf2 Qa6 18. a3 Nf4 19. Bg1 h4 20. N2b3 Nc4 21. Re1
Bf8 22. Nf5 Rxe1 23. Qxe1 Nxg2 24. Qf2 Bxf5 25. Qxg2 Bxc2 26. Qxc2 Re8 27. Nd4
Qh6 28. Qg2 g6 29. Bf2 h3 30. Qg1 Bg7 31. a4 Qh5 32. Qg4 Qxg4 33. fxg4 Bxd4 34.
Bxd4 Re2 35. b3 Nd2 36. Rb2 Re1+ 0-1

[Event "WECU Championship"]
[Site "Exmouth"]
[Date "2006.04.17"]
[Round "7"]
[White "Jamieson, Ian M"]
[Black "Hall, Daniel J"]
[Result "0-1"]
[WhiteElo "1840"]
[BlackElo "1928"]
[PlyCount "74"]
[EventDate "2006.??.??"]

1. b4 Nf6 2. Bb2 g6 3. Nf3 Bg7 4. e3 O-O 5. c4 d6 6. d4 Nbd7 7. Be2 c5 8. b5
Re8 9. O-O e5 10. Nc3 e4 11. Nd2 Nf8 12. Nb3 Qc7 13. a4 Bf5 14. a5 Qc8 15. Na4
cxd4 16. Nxd4 Bg4 17. b6 a6 18. Ba3 Bxe2 19. Qxe2 Qd7 20. Bb4 Ne6 21. Nc3 Nc5
22. Rad1 Rac8 23. Nc2 Re5 24. f4 Rh5 25. Nd5 Nxd5 26. Rxd5 Rxd5 27. cxd5 Nd3
28. Ba3 Qa4 29. Bxd6 Rxc2 30. Qg4 f5 31. Qg5 Qd7 32. Be7 h6 33. Qh4 g5 34. fxg5
Qxe7 35. Rxf5 Rc1+ 36. Rf1 Rxf1+ 37. Kxf1 hxg5 0-1

[Event "WECU Championship"]
[Site "Exmouth"]
[Date "2006.04.17"]
[Round "7"]
[White "Hall, Joshua DW"]
[Black "Bolt, G."]
[Result "0-1"]
[WhiteElo "1832"]
[BlackElo "2000"]
[PlyCount "58"]
[EventDate "2006.??.??"]

1. e4 c5 2. Nf3 Nc6 3. d4 cxd4 4. Nxd4 Nf6 5. Nc3 e6 6. Ndb5 d6 7. Bg5 e5 8.
Be3 a6 9. Na3 b5 10. Nd5 Nxd5 11. exd5 Ne7 12. c4 Nf5 13. g3 Nxe3 14. fxe3 Be7
15. cxb5 O-O 16. bxa6 Bg5 17. Qd2 f5 18. Bd3 f4 19. O-O fxe3 20. Qc2 Bxa6 21.
Bxh7+ Kh8 22. Bd3 Qb6 23. Kh1 Rf2 24. Rxf2 Bxd3 25. Qxd3 exf2 26. Nc4 Qb4 27.
Qc3 Qc5 28. b4 Qxd5+ 29. Qf3 Qxf3# 0-1